| 000 | 01110cas a2200325 a 4500 | ||
|---|---|---|---|
| 001 | 15829366 | ||
| 005 | 20180206074810.0 | ||
| 008 | 081024d2009201umnuar 0 a0eng | ||
| 010 | _a 2009207563 | ||
| 022 | 0 |
_a2150-2242 _21 |
|
| 035 | _a(OCoLC)ocn263413360 | ||
| 037 | _bThomson/West, 610 Opperman Drive, Eagan, MN 55123 | ||
| 040 |
_aFAMLW _beng _cDLC _dFAMLW _dOCLCQ _dOCLCF _dOCLCO _dHVL _dOCLCO _dOCLCQ |
||
| 041 | _aeng | ||
| 042 |
_alccopycat _ansdp |
||
| 043 | _an-us--- | ||
| 080 | _a346.73 wil | ||
| 082 | 1 | 0 |
_a346.73 wil _214 |
| 100 | _a54 | ||
| 101 | _aeco | ||
| 222 | 0 | _aStrategic alternatives for distressed businesses | |
| 245 | 0 | 0 | _aStrategic alternatives for distressed businesses. |
| 310 | _aAnnual | ||
| 362 | 1 | _aBegan with: 2008/2009 ed. | |
| 785 | 0 | 0 |
_tStrategic alternatives for and against distressed businesses _w(DLC) 2014213531 _w(OCoLC)891333018 |
| 906 |
_a7 _bcbc _cserials _d2 _encip _f20 _gn-oclcserc |
||
| 942 |
_2ddc _cBK |
||
| 999 |
_c41929 _d41929 |
||